Catholic University of Zimbabwe Library
Online Public Access Catalogue
(OPAC)

English Parnassus, 1657 (Record no. 10868)

MARC details
000 -LEADER
fixed length control field 00488 a2200145 4500
020 ## - INTERNATIONAL STANDARD BOOK NUMBER
International Standard Book Number 0854178813
005 - DATE AND TIME OF LATEST TRANSACTION
control field 20191017173902.0
084 ## - OTHER CLASSIFICATION NUMBER
Classification number PR1175 .P714 1657a
100 ## - MAIN ENTRY--PERSONAL NAME
Personal name W.Macneile Dixon
245 ## - TITLE STATEMENT
Title English Parnassus, 1657
Medium print
260 ## - PUBLICATION, DISTRIBUTION, ETC.
Place of publication, distribution, etc. enk
Name of publisher, distributor, etc. Scolar Press
Date of publication, distribution, etc. 1972
300 ## - PHYSICAL DESCRIPTION
Extent [35], 601 p. 24 cm.
Other physical details [35], 601 p. 24 cm.
Dimensions [35], 601 p. 24 cm.
490 ## - SERIES STATEMENT
Series statement English linguistics, 1500-1800, a collection of facsimile reprints, no. 359
500 ## - GENERAL NOTE
General note "A Scolar Press facsimile."
650 ## - SUBJECT ADDED ENTRY--TOPICAL TERM
Topical term or geographic name entry element ENGLISH LITERATURE

No items available.

OPENING HOURS

Weekdays: 0815hrs - 1800hrs
Weekends:0900hrs - 1200hrs

Closed for Mass:

Mon, Thur: 1200hrs - 1300hrs
Sunday & Public Holiday’s

CALL SUPPORT

0242-570570, 0242-570169
09200664, +263 8644140602

LOCATION

18443, Cranborne Avenue, Hatfield, Harare

Other Links


©2021 | CUZ Library